00372nam a22001337a 4500020001800000082003200018100002100050245005500071250001200126260002200138300003300160526003700193650000800230 a0-07-019772-5 a624.18341bEVEcL-39, P-115 aEverard, Noel J. aTheory and problems of reinforced concrete design. a3rd ed. aUSAbMcGraw- Hall avii, 360 p. :bill. :c10 Cm a0b0c0d624_183410000000000_EVE aMCE